Código Civil : y normas complementarias. Análisis doctrinario y jurisprudencial. Tomo 4 B /

Guardado en:
Otros Autores: Highton, Elena I., (coord.)
Formato: Libro
Idioma:Spanish
Publicado: Buenos Aires : Hammurabi, 2002
Edición:2a. ed.
Materias:
Etiquetas: Agregar Etiqueta
Sin Etiquetas, Sea el primero en etiquetar este registro!
LEADER 00708nam a22001815a 4500
001 DER.der001409
008 180615s2002####|||||||||||||||||#||spa||
005 20251127172801.0
245 1 0 |a Código Civil :  |b y normas complementarias. Análisis doctrinario y jurisprudencial.  |n Tomo 4 B /  |c dirigido por Alberto J. Bueres, y Elena I. Highton. 
250 |a 2a. ed. 
260 |a Buenos Aires :  |b Hammurabi,  |c 2002 
300 |a 916 p. 
500 |a Artículos 1434/1647 bis. Contratos. Responsabilidad profesional (continuación) /. 
020 |a 9508910113 
700 1 |a Bueres, Alberto J.,  |e dir. 
700 1 |a Highton, Elena I.,  |e coord. 
650 7 |a DERECHO CIVIL 
859 |a DERECHO  |b BIB. DERECHO  |h 348.023  |i ARG  |p 003484  |3 Tomo 4 B